Statistics for General Knowledge#1

Click here to take the quiz!

General Stats

  • This quiz has been taken 16 times
  • The average score is 6 of 20

Answer Stats

QuestionAnswer% Correct
Who invented and flew the first aeroplane?Wright brothers
93%
What movie won the Oscar for best picture in 2008 (starring Dev Patel)?Slumdog Millionaire
53%
What island is manila on?Luzon
47%
What is the state capital of Alabama?Montgomery
47%
Who painted the famous painting "The Night Watch" in 1642?Rembrandt
47%
What was the capital city of Myanmar before it was moved to Naypyidaw?Yangon
40%
What does the Latin phrase "cogito ergo sum" mean (in English)?I think, therefore I am
33%
What poet wrote the poem "Don Juan"?Lord Byron
33%
What film is about a heist involving members who are referred to as different colours?Reservoir dogs
33%
What country most recently joined NATO (April 4th 2023)?Finland
27%
What is a baby Koala called?Joey
27%
What is the largest lake in Africa by volume?Lake Tanganyika
13%
What is philophobia a fear of?Love
13%
Who won the first Ballon d'Or?Stanley Matthews
13%
Who was the first draft pick of 2023 in the NBA?Victor Wembanyama
13%
What date was the battle of Hastings fought?14th of October 1066
7%
What song has the most streams on Spotify (as of the 7th of July 2023)?Blinding Lights
7%
What type of unit cell does Aluminium have?FCC
7%
What phone brand recently released the P60 pro?Huawei
7%
Who won the Men's 100m at the 2020 Tokyo olympics?Lamont Marcell Jacobs
0%

Score Distribution

Percentile by Number Answered

Percent of People with Each Score

Your Score History

You have not taken this quiz